| 000 | 01049nmc a2200361 a 4500 | ||
|---|---|---|---|
| 003 | AR-BaBNM | ||
| 005 | 20251128204132.0 | ||
| 008 | 305119s1984 ||||||||||||||000 | spa|| | ||
| 020 | _a950-25-0140-3 | ||
| 040 | _cAR-BaBNM | ||
| 245 | 1 | 0 | _aLa crisis de 1890 |
| 260 |
_aBuenos Aires _bCentro Editor de América Latina _c1984 |
||
| 300 | 0 | _a91 p. | |
| 490 | 0 |
_aHistoria testimonial Argentina: Documentos vivos de nuestro pasado _vv. 20 |
|
| 504 | _aBibliografía en p.17 | ||
| 600 | 0 | 4 |
_aJuarez Celman _d1886-1890 |
| 600 | 1 | 4 | _aPellegrini, Carlos |
| 650 | 4 | _aHISTORIA ARGENTINA | |
| 650 | 4 | _aHISTORIA ECONOMICA | |
| 650 | 4 | _aHISTORIA FINANCIERA | |
| 650 | 4 | _aREVOLUCION DE 1890 | |
| 650 | 4 | _aCRISIS ECONOMICA | |
| 650 | 4 | _aINFLACION | |
| 650 | 4 | _aDEVALUACION MONETARIA | |
| 650 | 4 | _aCRISIS ECONOMICA | |
| 650 | 4 | _aDOCUMENTOS | |
| 650 | 4 | _aMATERIAL FUENTE | |
| 700 | 1 |
_aPanettieri, José _ecompilador |
|
| 800 | 1 |
_aBertoni, Lilia Ana _edirector |
|
| 800 | 1 |
_aRomero, Luis Alberto _edirector |
|
| 942 | _cBK | ||
| 998 | _cMarce | ||
| 999 |
_c6312 _d6312 |
||